The World Almanac and book of facts 1983 / (Record no. 592593)
[ view plain ]
| 000 -LEADER | |
|---|---|
| fixed length control field | 00330nam a22001217a 4500 |
| 040 ## - CATALOGING SOURCE | |
| Transcribing agency | NUST |
| 082 ## - DEWEY DECIMAL CLASSIFICATION NUMBER | |
| Classification number | 030,WOR |
| 245 ## - TITLE STATEMENT | |
| Title | The World Almanac and book of facts 1983 / |
| Statement of responsibility, etc. | Editor Hana Umlauf Lane |
| 260 ## - PUBLICATION, DISTRIBUTION, ETC. | |
| Place of publication, distribution, etc. | New Yourk |
| Name of publisher, distributor, etc. | jane D. Flatt |
| Date of publication, distribution, etc. | 1983 |
| 300 ## - PHYSICAL DESCRIPTION | |
| Extent | 975 p.: |
| 505 ## - FORMATTED CONTENTS NOTE | |
| Formatted contents note | Contents not Available |
| 942 ## - ADDED ENTRY ELEMENTS (KOHA) | |
| Source of classification or shelving scheme | |
| Koha item type | Book |
| Call number suffix | 030,WOR |
| Withdrawn status | Lost status | Source of classification or shelving scheme | Damaged status | Not for loan | Permanent Location | Current Location | Shelving location | Date acquired | Total Checkouts | Full call number | Barcode | Date last seen | Price effective from | Koha item type | Public note |
|---|---|---|---|---|---|---|---|---|---|---|---|---|---|---|---|
| Military College of Signals (MCS) | Military College of Signals (MCS) | General Stacks | 12/05/2022 | 030,WOR | MCS7732 | 12/05/2022 | 12/05/2022 | Book | Almirah No.46, Shelf No.1 |
